000 00561nam a2200229Ia 4500
003 OSt
005 20220918194744.0
006 a|||||r|||| 00| 0
007 ta
008 220917b |||||||| |||| 00| 0 eng d
024 _a81,394
037 _cTextual
040 _aARTS
_cARTS
_beng
041 _2eng
_aeng
082 _aS:682, J41
100 _aMulgrave D
_986880
245 0 _aSpeech
_b a handbook of voice training
260 _c1954
650 _aPSYCHOLOGY
942 _hS:682, J41
_cTEXL
_2CC
999 _c205116
_d205116